[Event "Ch Finland (team) 2006/07"]
[Site "masterchessopen.com Finland"]
[Date "2007.03.10"]
[Round "8"]
[White "Nyback Tomi (FIN)"]
[Black "Veingold Aleksandr (EST)"]
[Result "1-0"]
[WhiteElo "2565"]
[BlackElo "2458"]

{ Nyback Tomi (FIN) +0 =1 -0 Veingold Aleksandr (EST) +2 =2 -0 } 1.d4 Nf6 2.c4
e6 3.Nc3 Bb4 4.f3 d5 5.a3 Bxc3+ 6.bxc3 c5 7.cxd5 Nxd5 ( 7...exd5 8.e3 Qc7
9.Ra2 Bf5 10.Ne2 Nbd7 11.g4 Bg6 12.Nf4 cxd4 13.cxd4 Rc8 14.Bd2 Bc2 15.Qc1 g5
16.Nd3 h5 17.gxh5 Rxh5 18.Nf2 a6 19.a4 Bb3 20.Qxc7 Rxc7 21.Ra3 Bc4 22.a5 Bxf1
23.Kxf1 Rc2 24.Ke2 Kd8 25.h3 Ne8 26.e4 Nd6 27.Rc3 { ...1/2-1/2, Segura Ariza
Jose Luis 2181 - Veingold Aleksandr 2473 , Binissalem 4.10.2004 It (open) } )
8.dxc5 Qa5 9.e4 Nc7 { ? } ( 9...Nf6 10.Be3 O-O 11.Qb3 Nfd7 12.Qb4 Qc7 13.Rd1
Nc6 14.Qa4 Nce5 15.Qd4 Nc6 16.Qa4 Nce5 17.Qd4 Nc6 { 1/2-1/2, Timman Jan H 2630
- Karpov Anatoly 2730 , Tilburg 1991 It (cat.17) } ) 10.Qd4 f6 11.f4 { ? } (
11.Qb4 Nc6 12.Qxa5 Nxa5 13.Rb1 Bd7 14.Ne2 e5 15.Nd4 O-O-O 16.Nb5 Nxb5 17.Bxb5
Kc7 18.Ke2 Be6 19.Be3 Bc4+ 20.Bxc4 Nxc4 21.Rb4 Nxe3 22.Kxe3 Rd7 23.Rhb1 Kc6
24.R1b2 Rhd8 25.Ke2 Kxc5 26.Rxb7 Kc4 27.Kf2 Kxc3 28.Kg3 g6 29.a4 f5 30.exf5
gxf5 { ...1-0, Mamedyarov Shakhriyar 2674 - Huzman Alexander 2565 , Warsaw 20.
6.2005 Ch Europe } ) 11...Nc6 ( 11...O-O 12.Nf3 Nc6 13.Qc4 b6 14.cxb6 Qxb6
15.Nd4 Nxd4 16.Qxd4 Qc6 17.Qc4 Bb7 18.Qxc6 Bxc6 19.Bd3 Rad8 20.Bc2 Nb5 21.O-O
Nxc3 22.Re1 Ba4 23.Bxa4 Nxa4 24.Be3 Rd7 25.Rec1 Rb8 26.Rc4 Rb3 27.Bf2 Nc3
28.g3 Kf7 29.Rb4 Rxb4 30.axb4 Kg6 31.Rxa7 { ...1/2-1/2, Volkov Sergey
Viktorovich 2624 - Tunik Gennady 2507 , Krasnodar 2002 Ch Russia } ) 12.Qc4 {
= } 12...e5 ( 12...b6 13.cxb6 Qxb6 14.Nf3 Ba6 15.Qa4 Bxf1 16.Rxf1 O-O 17.Nd4
Nxd4 18.Qxd4 Qc6 19.Rf3 Rfd8 20.Qe3 Na6 21.e5 f5 22.Qe2 Nc5 23.c4 Rd7 24.Rc3
Rad8 25.Be3 Ne4 26.Rcc1 h6 27.Rab1 Kh7 28.Qc2 Rd3 29.Rb3 R3d7 30.Rbb1 Nc5
31.Bxc5 Qxc5 32.Qf2 { ...0-1, Mester Gyula 2420 - Besztercsenyi Tibor 2202 ,
Hungary 1992 Ch Hungary (team) 1992/93 } ) ( 12...Bd7 13.Nf3 Na6 14.Be3 Rc8
15.Be2 Ncb8 16.e5 f5 17.Nd2 Nxc5 18.Qb4 Qc7 19.Nc4 Ne4 20.Nd6+ Nxd6 21.exd6
Qxc3+ 22.Qxc3 Rxc3 23.Bh5+ Kd8 24.Bxa7 Nc6 25.Bb6+ Kc8 26.O-O g6 27.Bf3 Re8
28.Rfc1 Rd3 29.Rd1 Rxd1+ 30.Rxd1 e5 31.g3 e4 32.Be2 { ...1/2-1/2, Sakaev
Konstantin 2555 - Maric Alisa 2400 , Biel 1994 It (open) } ) ( 12...O-O 13.Be3
Kh8 14.Nf3 e5 15.f5 Bd7 16.Nd2 Na6 17.Nb3 Qc7 18.Rd1 Be8 19.Be2 Rc8 20.O-O Na5
21.Nxa5 Qxa5 22.Rd6 { 1/2-1/2, Kouatly Bachar 2430 - Farago Ivan 2520 ,
Brussels 1986 It (open) } ) 13.f5 b6 { N } ( 13...g6 14.Bd3 Bd7 15.Ne2 (
15.Rb1 O-O-O 16.Qb3 Bxf5 17.Bc4 Nd4 18.Qxb7+ Kd7 19.Bd2 Nc2+ 20.Kd1 Rb8
21.Bb5+ Ke7 22.Qc6 Bg4+ 23.Be2 Bxe2+ 24.Nxe2 Ne3+ 25.Bxe3 Rxb1+ 26.Kc2 Rxh1
27.Qd6+ Ke8 28.Qc6+ Kd8 29.Qxf6+ Kc8 30.Qxh8+ Kb7 31.c6+ Kxc6 32.Qf6+ Kb7
33.Bg1 { ...0-1, Harika Dronavalli 2358 - Lahno Kateryna 2468 , Turin 3.
6.2006 Olympiad (w) } ) 15...Ne7 16.fxg6 hxg6 17.Rb1 O-O-O 18.Qb4 Qxb4 19.cxb4
Bh3 20.gxh3 Rxd3 21.O-O Rdxh3 22.Rxf6 Rxh2 23.Ng3 Rc2 24.Be3 Rc3 25.Bf2 Nb5
26.Re6 Nc6 27.Rxg6 Rxa3 28.Nf5 Rah3 29.Kg2 Rh2+ 30.Kf3 Ncd4+ 31.Bxd4 Nxd4+
32.Nxd4 exd4 33.Rd1 { ...1/2-1/2, Bluvshtein Mark 2502 - Kotronias Vasilios
2599 , Hastings 31.12.2004 It } ) 14.cxb6 { +0.26 CAP } 14...Qxb6 15.Qa2 Rb8
16.Bd3 Ba6 17.Rb1 Qa5 18.Rxb8+ Nxb8 19.Bxa6 Nbxa6 20.Ne2 Nc5 21.Be3 Nxe4
22.Qc4 Nd6 23.Qc6+ Ke7 24.O-O Rd8 25.Rd1 Na6 26.Bxa7 Qxa3 { ?! } ( 26...Qb5 {
!? } 27.Qxb5 Nxb5 28.Rxd8 Kxd8 29.Bb6+ Kd7 30.a4 Nd6 31.g4 Kc6 32.Be3 Nc4
33.Bf2 { } ) 27.Bb6 Rd7 28.Qd5 Nc7 29.Bxc7 Qa7+ 30.Nd4 Qxc7 { ? } ( 30...Rxc7
31.Qe6+ Kf8 32.Qxd6+ Kf7 33.Re1 Re7 34.Qd5+ Kf8 35.Qd8+ Kf7 36.Kf2 exd4
37.Rxe7+ { } ) 31.Nc6+ Kf8 32.c4 Ne4 33.Qxd7 Qb6+ 34.Nd4 Nc3 35.Qc8+ Ke7 36.c5
{ } {#r} 1-0

[Event "Ch Turkey"]
[Site "masterchessopen.com Ankara (Turkey)"]
[Date "2007.03.13"]
[Round "13"]
[White "Erdogan Hakan (TUR)"]
[Black "Demirel Tolga (TUR)"]
[Result "1-0"]
[WhiteElo "2259"]
[BlackElo "2235"]

1.d4 Nf6 2.c4 e6 3.Nc3 Bb4 4.a3 Bxc3+ 5.bxc3 d5 6.f3 c5 7.cxd5 Nxd5 8.dxc5 f5
9.e4 fxe4 10.Qc2 O-O 11.fxe4 Nf4 12.Nf3 Qc7 13.Be3 Nd7 14.Bc4 Nxc5 15.O-O b6
16.e5 Qe7 17.Nd4 Ng6 18.Rxf8+ Nxf8 19.Rf1 Ng6 20.Nf5 Qc7 21.Bd4 Ba6 22.Bxa6
Nxa6 23.Nd6 Rf8 24.Rxf8+ Nxf8 25.Qa4 Nb8 26.Qe8 Nc6 27.g3 Qd7 28.Qa8 h6 29.h4
h5 30.Kh2 Ne7 31.Qf3 Neg6 32.Qxh5 Qa4 33.Qf3 Qxa3 34.h5 Qa2+ 35.Kh3 Nh8 36.h6
Qd2 37.hxg7 Qh6+ 38.Kg2 Qxg7 39.Ne8 Qg6 40.Nf6+ Kg7 41.Qb7+ Qf7 42.Ne8+ Kg6
43.Qa8 Kh7 44.Nd6 Qg7 45.Be3 Nhg6 46.Ne4 Qxe5 47.Bd4 Qc7 48.Nf6+ {#r} 1-0

[Event "Ch France (team) (nat.2) 2006/07"]
[Site "masterchessopen.com France"]
[Round "10"]
[White "Kirszenberg Marc (FRA)"]
[Black "Primel Dominique (FRA)"]
[Result "1-0"]
[WhiteElo "2210"]
[BlackElo "2007"]

1.d4 Nf6 2.c4 e6 3.Nc3 Bb4 4.f3 d5 5.a3 Bxc3+ 6.bxc3 c5 7.cxd5 Nxd5 8.dxc5 Qa5
9.e4 Nf6 10.Be3 O-O 11.Qb3 Nfd7 12.a4 Qc7 13.Qa3 b6 14.a5 bxa5 15.Qxa5 Qxa5
16.Rxa5 Nc6 17.Ra1 Rb8 18.Ne2 e5 19.Nc1 Rd8 20.Bc4 Nf8 21.Bd5 Bb7 22.O-O Ng6
23.Nd3 Nge7 24.c4 a5 25.Bg5 Kf8 26.Bxe7+ Kxe7 27.Bxc6 Rxd3 28.Rfb1 Bxc6
29.Rxb8 a4 30.Rb4 f5 31.exf5 e4 32.fxe4 Re3 33.Rb6 Kd7 34.Rd1+ Kc7 35.Ra1 Rxe4
36.Rxc6+ Kxc6 37.Rxa4 Kxc5 38.h3 h5 39.Ra7 Rf4 40.g3 {#r} 1-0

[Event "It (open)"]
[Site "masterchessopen.com Bar (Montenegro)"]
[Date "2007.04.02"]
[Round "4"]
[White "Vukovic Momcilo (MNE)"]
[Black "Pantovic Dragan M (SRB)"]
[Result "1-0"]
[WhiteElo "2136"]
[BlackElo "2137"]

1.d4 Nf6 2.c4 e6 3.Nc3 Bb4 4.f3 d5 5.a3 Bxc3+ 6.bxc3 c5 7.cxd5 Nxd5 8.dxc5 Qa5
9.e4 Ne7 10.Be3 Nbc6 11.Qb3 e5 12.Bc4 O-O 13.Ne2 Qc7 14.Qa2 Na5 15.Bd5 Bd7
16.a4 Rad8 17.c4 Kh8 18.O-O Ng6 19.Nc3 a6 20.Ne2 Nc6 21.a5 Bc8 22.Qd2 f6
23.Kh1 Nb8 24.Qb4 Nf4 25.Nxf4 exf4 26.Bg1 Rd7 27.c6 {#r} 1-0

[Event "It (cat.1)"]
[Site "masterchessopen.com Cullera (Spain)"]
[Date "2007.04.12"]
[Round "6"]
[White "Cruz Lledo Pablo (ESP)"]
[Black "Uribe Arteaga Daniel (COL)"]
[Result "0-1"]
[WhiteElo "1945"]
[BlackElo "2260"]

1.d4 Nf6 2.c4 e6 3.Nc3 Bb4 4.a3 Bxc3+ 5.bxc3 c5 6.f3 d5 7.cxd5 exd5 8.e3 O-O
9.Bd3 b6 10.Ne2 Ba6 11.Bxa6 Nxa6 12.Ng3 Qd7 13.Qd3 Qa4 14.O-O Rac8 15.Bb2 cxd4
16.cxd4 Rc2 17.Rab1 g6 18.Rfc1 Rfc8 19.Ne2 Qc4 20.Qxc4 R8xc4 21.Nc3 Rd2 22.Nd1
Nc7 23.Rxc4 dxc4 24.e4 Nh5 25.g3 Ne6 26.Ne3 Ng5 27.Nf1 Nxf3+ 28.Kh1 Rc2 29.d5
c3 30.d6 Nf6 31.Bc1 Nd7 32.Be3 Rb2 33.Rc1 c2 34.Kg2 Ne1+ 35.Kf2 Nd3+ 36.Ke2
Nxc1+ 37.Bxc1 Rb5 {#R} 0-1

[Event "Cup Baltija (open)"]
[Site "masterchessopen.com Palanga (Lithuania)"]
[Date "2007.06.20"]
[Round "8"]
[White "Hohluks Aleksandrs (LAT)"]
[Black "Vedrickas Tautvydas (LTU)"]
[Result "0-1"]
[WhiteElo "2049"]
[BlackElo "2287"]

1.d4 Nf6 2.c4 e6 3.Nc3 Bb4 4.f3 d5 5.a3 Bxc3+ 6.bxc3 c5 7.cxd5 exd5 8.e3 c4
9.Ne2 Nc6 10.Ng3 h5 11.h4 Qc7 12.Kf2 O-O 13.e4 dxe4 14.Nxe4 Nxe4+ 15.fxe4 Bg4
16.Be2 Rae8 17.Bxg4 hxg4 18.Qxg4 f5 19.exf5 Qa5 20.Rh3 Rxf5+ 21.Rf3 Qxc3
22.Rxf5 Qxa1 23.Be3 Qb2+ 24.Kf3 Qc3 25.Re5 Nxe5+ 26.dxe5 Rf8+ {#R} 0-1

[Event "Tournament (b)"]
[Site "masterchessopen.com Matanzas (Cuba)"]
[Date "2007.07.20"]
[Round "11"]
[White "Hernandez Rodney (CUB)"]
[Black "Borges Oliver (CUB)"]
[Result "1-0"]
[WhiteElo "2100"]
[BlackElo "2148"]

1.d4 Nf6 2.c4 e6 3.Nc3 Bb4 4.f3 d5 5.a3 Bxc3+ 6.bxc3 c5 7.cxd5 Nxd5 8.dxc5 f5
9.c4 Qh4+ 10.g3 Qxc4 11.e4 Qc3+ 12.Bd2 Qe5 13.Bg2 fxe4 14.f4 Qf6 15.Bxe4 Nc3
16.Bxc3 Qxc3+ 17.Kf2 Qxc5+ 18.Kg2 O-O 19.Nf3 Nc6 20.Qd3 h6 21.Rhc1 Qa5 22.Qe3
Ne7 23.Rc5 Qd8 24.Qb3 Nd5 25.Re1 Kh8 26.Ne5 Rf6 27.Ng6+ Rxg6 28.Bxg6 b6
29.Rcc1 Bb7 30.Kg1 Qf6 31.Qd3 Rf8 32.Be4 Ba8 33.Rc2 Rd8 34.Rd1 Bb7 35.f5 exf5
36.Bxf5 Re8 {#r} 1-0

[Event "It (open)"]
[Site "masterchessopen.com Tibor (Czech Republic)"]
[Date "2007.07.30"]
[Round "2"]
[White "Hejl Jaroslav (CZE)"]
[Black "Vyskocil Neklan (CZE)"]
[Result "1-0"]
[WhiteElo "2076"]
[BlackElo "2308"]

1.d4 Nf6 2.c4 e6 3.Nc3 Bb4 4.f3 d5 5.a3 Bxc3+ 6.bxc3 c5 7.cxd5 Nxd5 8.dxc5 Qa5
9.e4 Nf6 10.Be3 O-O 11.Qb3 Nfd7 12.Qb4 Qc7 13.Nh3 Nc6 14.Qb5 a6 15.Qc4 Nde5
16.Qb3 Rd8 17.Nf2 Nd7 18.Be2 Na5 19.Qb4 Nc6 20.Qb2 a5 21.a4 Ncb8 22.Rd1 Rf8
23.Nd3 e5 24.O-O Ra6 25.f4 Rc6 26.fxe5 Na6 27.e6 fxe6 28.Bf4 Qd8 29.Ne5 Rxc5
30.Nxd7 Bxd7 31.Qxb7 Nc7 32.Bd6 Rxf1+ 33.Rxf1 Bc8 34.Qb6 Rxc3 35.Rf8+ Qxf8
36.Bxf8 Kxf8 37.Qxa5 Rc1+ 38.Kf2 Rc2 39.Ke3 Kf7 40.Qh5+ Kg8 41.Qe5 Kf7 42.Bh5+
Kg8 43.Qd6 g6 44.Bd1 Rc4 45.Be2 {#r} 1-0

[Event "Hessenliga 2007/08"]
[Site "masterchessopen.com Hessen (Germany)"]
[Date "2007.10.28"]
[Round "2"]
[White "Derichs Roger (GER)"]
[Black "Kargoll Herbert (GER)"]
[Result "1-0"]
[WhiteElo "2307"]
[BlackElo "2195"]

1.d4 Nf6 2.c4 e6 3.Nc3 Bb4 4.f3 d5 5.a3 Bxc3+ 6.bxc3 c5 7.cxd5 exd5 8.e3 O-O
9.Bd3 Nc6 10.Ne2 c4 11.Bb1 Re8 12.O-O Na5 13.Bc2 b6 14.Ng3 Bb7 15.Re1 Re6
16.a4 Qc7 17.Bd2 Rae8 18.Qb1 h5 19.Qb2 h4 20.Nf5 h3 21.g4 Nh7 22.Re2 Ng5
23.Rf2 g6 24.Ng3 Rxe3 25.Bxe3 Rxe3 26.Raf1 Nb3 27.f4 Ne4 28.Bxe4 dxe4 29.Re2
Rf3 30.Rxf3 exf3 31.Re8+ Kg7 32.f5 Bc6 33.Re5 f6 34.Re3 Qf4 35.Kf2 Qxg4 36.Qa3
Bd5 37.Qe7+ Bf7 38.Qb7 Nc1 39.Re7 Nd3+ 40.Kf1 f2 41.Rxf7+ Kh6 42.Rh7+ Kg5
43.Ne4+ Kf4 44.Nxf2 Qxf5 45.Rxh3 {#r} 1-0

[Event "It (open) (active)"]
[Site "masterchessopen.com El Sauzal (Spain)"]
[Date "2007.11.03"]
[Round "5"]
[White "Khenkin Igor (GER)"]
[Black "Rodriguez Amador (ESP)"]
[Result "1-0"]
[WhiteElo "2600"]
[BlackElo "2481"]

{ Khenkin Igor (GER) +5 =6 -2 Rodriguez Amador (ESP) +0 =1 -0 } 1.d4 Nf6 2.c4
e6 3.Nc3 Bb4 4.f3 d5 5.a3 Bxc3+ 6.bxc3 c5 7.cxd5 Nxd5 8.dxc5 Qa5 9.e4 Nc7 { ?
} ( 9...Ne7 10.Be3 O-O 11.Qb3 e5 12.Bc4 Na6 13.Ne2 Nc6 14.Bd5 Nxc5 15.Qc4 Ne6
16.O-O Bd7 17.Qa2 Qc7 18.Rab1 b6 19.f4 exf4 20.Bxf4 Nxf4 21.Rxf4 Be8 22.Rbf1
Rd8 23.Nd4 Nxd4 24.cxd4 Kh8 25.Qb3 f6 26.e5 Ba4 27.Qf3 Bb5 28.Rd1 { 1/2-1/2,
Arencibia Walter 2395 - Rodriguez Amador 2505 , Cuba 1989 Memorial
J.Capablanca (a) } ) ( 9...Nf6 10.Be3 O-O 11.Qb3 Nfd7 12.Qb4 Qc7 13.Rd1 Nc6
14.Qa4 Nce5 15.Qd4 Nc6 16.Qa4 Nce5 17.Qd4 Nc6 { 1/2-1/2, Timman Jan H 2630 -
Karpov Anatoly 2730 , Tilburg 1991 It (cat.17) } ) 10.Qd4 f6 11.Qb4 ( 11.Be3
Nc6 12.Qc4 e5 13.Qb3 Be6 14.Qxb7 O-O 15.Qxc6 Rfd8 16.Kf2 Bd7 17.Qb7 Rab8
18.Bc4+ Kh8 19.Qb4 Rxb4 20.cxb4 Qa4 21.Ne2 Bb5 22.Bxb5 Nxb5 23.Rhc1 a5 24.c6
Rc8 25.bxa5 Nd4 26.Nxd4 exd4 27.Bd2 h5 28.Rab1 Qxa3 29.c7 Qd6 30.Rb6 Qxh2 {
...1-0, Moskalenko Viktor 2435 - Yakovich Yuri 2450 , URS 1987 Ch URS } )
11...Nc6 12.Qxa5 { ? } 12...Nxa5 13.Rb1 Bd7 ( 13...e5 14.f4 exf4 15.Bxf4 Ne6
16.Bd6 Bd7 17.Nf3 Rc8 18.Nd4 Nxc5 19.Nb5 Nxe4 20.Bb4 Nc6 21.Bd3 a6 22.Bxe4
axb5 23.O-O Nxb4 24.cxb4 Bc6 25.Bf5 Rd8 26.Rbe1+ Kf8 27.Rf2 g6 28.Bb1 Rd6
29.Ba2 h5 30.h4 Rh7 31.Bb1 f5 32.Kh2 Rhd7 33.Kg3 { ...0-1, Hillarp Persson
Tiger 2523 - Topalov Veselin 2757 , Benidorm 2003 It (active) } ) 14.Ne2 (
14.Be3 e5 15.Ne2 Ne6 16.Nc1 Ke7 17.Nb3 Nxb3 18.Rxb3 Rab8 19.Bb5 Rhc8 20.Bxd7
Kxd7 21.Rb5 a6 22.Ra5 Rc6 23.Ke2 Rbc8 24.Rb1 R8c7 25.Rd1+ Ke7 26.Rd5 g5 27.g3
Rc8 28.h4 gxh4 29.gxh4 h5 30.Kf2 R6c7 31.f4 Nxf4 32.Bxf4 exf4 33.Kf3 Rg8 {
...1-0, Khenkin Igor 2587 - Ayas Fernandez Antonio 2336 , Andorra 4. 7.2004 It
(open) } ) 14...e5 ( 14...Na6 15.Be3 O-O 16.Nf4 Kf7 17.Bb5 Rfd8 18.Ke2 Nc7
19.Bd3 Rab8 20.Rb2 Bc6 21.c4 Bd7 22.Rhb1 Bc8 23.Nd5 exd5 24.cxd5 Ra8 25.Bd2 b6
26.cxb6 axb6 27.Rxb6 Bd7 28.Rc1 Nb5 29.Bxb5 Nb3 30.Rc7 Nd4+ 31.Kf2 Nxb5
32.Rxb5 Rxa3 33.Rbb7 Ke8 34.Kg3 { ...1-0, Ulibin Mikhail 2583 - Hulak
Krunoslav 2510 , Pula 2000 Ch Croatia (team) (1st league) } ) 15.Nd4 ( 15.Ng3
g6 16.f4 Ne6 17.fxe5 fxe5 18.Be3 O-O-O 19.h4 Nf4 20.h5 gxh5 21.Nxh5 Bc6
22.Bxf4 exf4 23.Nf6 h5 24.Rh4 Rhf8 25.e5 f3 26.gxf3 Bxf3 27.Bh3+ Kc7 28.Rf4
Bg4 29.Bxg4 hxg4 30.Kf2 Nc6 31.Re1 Ne7 32.Kg3 Kc6 33.Kxg4 Kxc5 34.Nd7+ Rxd7 {
...1-0, Milov Vadim 2665 - Akobian Varuzhan 2600 , Morelia 18. 2.2007 It
(open) } ) 15...exd4 { N } ( 15...O-O-O 16.Nb5 Nxb5 ( 16...Bxb5 17.Bxb5 Nxb5
18.Rxb5 Nc6 19.Ke2 Rhe8 20.Be3 Re6 21.g4 Ne7 22.g5 Ra6 23.gxf6 gxf6 24.Rb3 Rd7
25.Rg1 Ng6 26.Rg4 Rf7 27.h4 f5 28.exf5 Rxf5 29.Rgb4 Rf7 30.h5 Nf4+ 31.Bxf4
exf4 32.Re4 Kc7 33.a4 Raf6 34.Rbb4 Rf5 35.h6 { ...1/2-1/2, Gyimesi Zoltan 2611
- Drasko Milan 2549 , Vogosca 9. 6.2007 Ch Bosnia & Herzegovina (team) } )
17.Bxb5 Kc7 18.Ke2 Be6 19.Be3 Bc4+ 20.Bxc4 Nxc4 21.Rb4 Nxe3 22.Kxe3 Rd7
23.Rhb1 Kc6 24.R1b2 Rhd8 25.Ke2 Kxc5 26.Rxb7 Kc4 27.Kf2 Kxc3 28.Kg3 g6 29.a4
f5 30.exf5 gxf5 31.a5 a6 32.Rxd7 Rxd7 33.Rb6 Rg7+ 34.Kf2 Rg6 35.h4 { ...1-0,
Mamedyarov Shakhriyar 2674 - Huzman Alexander 2565 , Warsaw 20. 6.2005 Ch
Europe } ) 16.cxd4 { -0.07 CAP } 16...O-O { ?! } ( 16...Ba4 { !? } 17.d5 O-O-O
18.Kf2 Rhe8 19.Be3 { } ) 17.Bd2 b6 18.Bxa5 bxa5 19.Bc4+ Kh8 20.Rb7 Rfc8 21.d5
Rab8 22.Rxb8 Rxb8 23.Kd2 g6 24.Rd1 { ?! } ( 24.c6 { !? } 24...Be8 25.Rc1 Rd8
26.Bd3 Rd6 27.Rc5 Kg7 28.Rxa5 a6 29.Bc4 Kf8 30.Ke3 { } ) 24...Kg7 { ?! } (
24...Ba4 { !? } 25.Rc1 Kg7 26.d6 Ne8 27.Kc3 Kf8 28.Re1 Ng7 29.g4 Bd7 30.Bd5
Ne8 { } ) 25.d6 Ne6 { ? } ( 25...Nb5 26.Bd5 Rd8 27.a4 Nxd6 28.cxd6 Bxa4 29.Ra1
Bb5 30.Rxa5 a6 31.Ra1 Rxd6 32.Ke3 Rd7 { } ) 26.Bd5 { ? } ( 26.c6 Bxc6 27.Bxe6
Kf8 28.Rc1 Rb6 29.Rc5 Ke8 30.Rxa5 a6 31.Ke3 Bb7 32.d7+ Kd8 33.Bd5 { } )
26...Kf8 { ? } ( 26...Nxc5 27.Rc1 Rc8 28.f4 Ne6 29.Rxc8 Bxc8 30.Ke3 Bd7 31.g3
Kf8 32.e5 Ke8 33.g4 Nd8 { } ) 27.f4 { ? } ( 27.c6 Rb6 28.Ke3 Rxc6 29.Bxc6 Bxc6
30.Rc1 Nd8 31.Rc5 a4 32.Ra5 Nb7 33.Rxa7 Nxd6 34.Rc7 { } ) 27...Rd8 { ? } (
27...Nxc5 28.Ke3 Na4 29.Rc1 Rb2 30.e5 Nb6 31.Rc5 Nxd5+ 32.Rxd5 Rb3+ 33.Kd4
Rxa3 34.e6 Ke8 { } ) 28.Ke3 { ?! } ( 28.Bxe6 { !? } 28...Bxe6 29.Rb1 Rc8
30.Rb5 a4 31.Ra5 a6 32.Rxa6 Rxc5 33.Ra8+ Rc8 34.Rxa4 Rd8 35.e5 { } ) 28...Ng7
{ ?? } ( 28...Nxc5 29.e5 Rc8 30.Rb1 f5 31.Kd4 Ke8 32.g3 h6 33.Ke3 a4 34.Kd4
Kd8 { } ) 29.Rb1 Ne6 30.Bxe6 Bxe6 31.Kd4 Ke8 32.e5 fxe5+ 33.fxe5 Kd7 34.Rb7+
Kc6 35.Rc7+ Kb5 { } {#r} 1-0

[Event "Ch Poland (juniors) (under 16)"]
[Site "masterchessopen.com Leba (Poland)"]
[Date "2008.04.02"]
[Round "6"]
[White "Sieciechowicz Marcin (POL)"]
[Black "Sochacki Wojtek (FRA)"]
[Result "1-0"]
[WhiteElo "2321"]
[BlackElo "2244"]

1.d4 Nf6 2.c4 e6 3.Nc3 Bb4 4.f3 d5 5.a3 Bxc3+ 6.bxc3 c5 7.cxd5 Nxd5 8.Qd3 b6
9.e4 Ba6 10.Qc2 Bxf1 11.Kxf1 Ne7 12.Be3 O-O 13.g3 Qc7 14.Rc1 Nbc6 15.Ne2 Na5
16.Kg2 Rac8 17.Qa4 a6 18.Bf4 Qd8 19.dxc5 Rxc5 20.Rhd1 Qc8 21.Qd7 Ng6 22.Be3
Rc6 23.Qxc8 Rfxc8 24.Rd7 Nc4 25.Bf2 Nge5 26.Ra7 Rd6 27.Nd4 b5 28.Ra1 Nb2 29.f4
Ned3 30.e5 Rdd8 31.Rxa6 Rxc3 32.Nxb5 Rc2 33.Rf1 g5 34.Rd6 Rdc8 35.Nd4 Rd2
36.Nc6 Ra8 37.Kg1 Rxa3 38.fxg5 Nd1 39.Rd8+ Kg7 40.Ne7 f5 41.exf6+ Kf7 42.Rh8
N1xf2 43.Rxh7+ Ke8 44.Ng6 Nh3+ 45.Rxh3 Kf7 46.Nh8+ Kg8 47.f7+ {#r} 1-0

[Event "Ch Scotland"]
[Site "masterchessopen.com Glasgow (Scotland)"]
[Date "2008.07.06"]
[Round "2"]
[White "Vincenti David"]
[Black "Brunello Sabino (ITA)"]
[Result "1-0"]
[WhiteElo "2482"]
[BlackElo "2455"]

1.d4 Nf6 2.c4 e6 3.Nc3 Bb4 4.f3 d5 5.a3 Bxc3+ 6.bxc3 c5 7.cxd5 Nxd5 8.dxc5 f5
9.Nh3 O-O 10.c4 Qf6 11.Bg5 Qc3+ 12.Bd2 Qxc4 13.e4 Qxc5 14.exd5 exd5 15.Bb4
Re8+ 16.Be2 Qc4 17.Kf1 Qh4 18.Qxd5+ Be6 19.Qd2 Nc6 20.Qg5 Qd4 21.Rd1 Qe5
22.Qf4 Rac8 23.Qxe5 Nxe5 24.Kf2 b6 25.Rd2 a5 26.Bd6 Nf7 27.Bf4 Rc3 28.Bb5 Rec8
29.Re1 Bc4 30.Bxc4 R3xc4 31.Re7 {#r} 1-0

[Event "Ch Spain (juniors) (under 16)"]
[Site "masterchessopen.com Padrun (Spain)"]
[Date "2008.07.21"]
[Round "3"]
[White "Cruz Lledo Pablo (ESP)"]
[Black "Gago Padreny Ignacio (ESP)"]
[Result "0-1"]
[WhiteElo "2078"]
[BlackElo "2218"]

1.d4 Nf6 2.c4 e6 3.Nc3 Bb4 4.a3 Bxc3+ 5.bxc3 c5 6.f3 d5 7.cxd5 Nxd5 8.dxc5 Qa5
9.e4 Nf6 10.Be3 O-O 11.Qb3 Nfd7 12.Bb5 Qc7 13.Qb4 Nc6 14.Bxc6 bxc6 15.Ne2 Ba6
16.Rd1 Rfd8 17.Bf4 Ne5 18.Kf2 Bxe2 19.Kxe2 Rab8 20.Bxe5 Qxe5 21.Qa5 Qg5
22.Rxd8+ Rxd8 23.c4 Qxg2+ 24.Ke3 Rb8 25.Rb1 Qxh2 26.Rxb8+ Qxb8 27.Qb4 Qxb4
28.axb4 Kf8 29.b5 cxb5 30.cxb5 Ke7 31.Kf4 Kd7 32.Ke5 f6+ 33.Kd4 h5 34.f4 h4
35.Ke3 g5 36.e5 gxf4+ 37.Kxf4 f5 38.Kf3 Kc7 39.Kg2 f4 {#R} 0-1

[Event "It (open) \"]
[Site "masterchessopen.com Nyiregyhaza (Hungary)"]
[Date "2008.07.24"]
[Round "3"]
[White "Galyas Miklos (HUN)"]
[Black "Antal Laszlo (HUN)"]
[Result "1-0"]
[WhiteElo "2454"]
[BlackElo "2202"]

1.d4 Nf6 2.c4 e6 3.Nc3 Bb4 4.f3 d5 5.a3 Bxc3+ 6.bxc3 c5 7.cxd5 Nxd5 8.dxc5 Qa5
9.e4 Ne7 10.Be3 O-O 11.Qb3 Nec6 12.Nh3 Qc7 13.Nf2 Nd7 14.Bb5 Na5 15.Qb4 Rb8
16.O-O b6 17.cxb6 axb6 18.Rfd1 Nc5 19.Nd3 Nxd3 20.Rxd3 e5 21.Qd6 Qxd6 22.Rxd6
Be6 23.Rxb6 Rbc8 24.a4 Nb3 25.Rd1 Rxc3 26.Bf2 Rcc8 27.Bg3 Rc5 28.Rbd6 Nd4
29.R6xd4 exd4 30.Bd6 Rxb5 31.axb5 Rc8 32.b6 {#r} 1-0

[Event "Olympiad (juniors) (under 16) (team)"]
[Site "masterchessopen.com Mersin (Turkey)"]
[Date "2008.08.17"]
[Round "1"]
[White "Rosenthal Jonathan (SUI)"]
[Black "Mohan Rahul (KEN)"]
[Result "1-0"]
[WhiteElo "2208"]
[BlackElo "1615"]

1.d4 Nf6 2.c4 e6 3.Nc3 Bb4 4.a3 Bxc3+ 5.bxc3 c5 6.f3 d5 7.cxd5 exd5 8.e3 O-O
9.Bd3 b6 10.Ne2 Nbd7 11.O-O Bb7 12.Ng3 c4 13.Bb1 b5 14.Ra2 a5 15.Rb2 Qb6
16.Kh1 Bc6 17.e4 Rfc8 18.e5 Ne8 19.f4 Nf8 20.f5 Bd7 21.Nh5 g6 22.Nf4 Qb7 23.e6
fxe6 24.fxg6 Ng7 25.gxh7+ Nxh7 26.Ng6 Be8 27.Rbf2 Bxg6 28.Bxg6 Ra7 29.Qg4 Rc7
30.Bxh7+ Kxh7 31.Qh4+ Kg8 32.Rf8# 1-0

[Event "Ch Croatia (team) (1st league) (a)"]
[Site "masterchessopen.com Sibenik (Croatia)"]
[Date "2008.09.30"]
[Round "4"]
[White "Komljenovic Davor (CRO)"]
[Black "Pinter Jozsef (HUN)"]
[Result "0-1"]
[WhiteElo "2428"]
[BlackElo "2536"]

1.d4 Nf6 2.c4 e6 3.Nc3 Bb4 4.a3 Bxc3+ 5.bxc3 c5 6.f3 d5 7.cxd5 Nxd5 8.dxc5 Qa5
9.e4 Nf6 10.Be3 O-O 11.Qb3 Nfd7 12.Qb4 Qc7 13.Bb5 Ne5 14.Rd1 Nbc6 15.Qa4 Rd8
16.Ne2 Bd7 17.O-O a6 18.Bxc6 Bxc6 19.Qc2 Bb5 20.Bd4 h6 21.a4 Bc4 22.Rfe1 Nd7
23.Rb1 e5 24.Be3 Nxc5 25.Nc1 Rd7 26.Rd1 Rad8 27.Rxd7 Rxd7 28.Rb4 Qd8 29.h3 b5
30.axb5 axb5 31.Kh2 Ne6 32.Rb2 Rd1 33.Qf2 Rf1 34.Qg3 Qd1 35.Qxe5 Rh1+ 36.Kg3
Qe1+ 37.Bf2 Qxc1 {#R} 0-1

[Event "It (open)"]
[Site "masterchessopen.com Fouesnant (France)"]
[Round "8"]
[White "Bouget Alexandre (FRA)"]
[Black "Jolly Jean-Francois (FRA)"]
[Result "0-1"]
[WhiteElo "1998"]
[BlackElo "2355"]

1.d4 Nf6 2.c4 e6 3.Nc3 Bb4 4.a3 Bxc3+ 5.bxc3 c5 6.f3 d5 7.cxd5 Nxd5 8.dxc5 f5
9.c4 Qh4+ 10.g3 Qxc4 11.e4 Qc3+ 12.Bd2 Qe5 13.Bg2 fxe4 14.f4 Qf6 15.Bxe4 Nc3
16.Qh5+ g6 17.Bxg6+ hxg6 18.Qg4 Ne4 19.Rd1 Nc6 {#R} 0-1

[Event "Tournament"]
[Site "masterchessopen.com Telde (Spain)"]
[Date "2009.02.18"]
[Round "3"]
[White "Leon Varela Luis (ESP)"]
[Black "Santana Montero Pedro L (ESP)"]
[Result "1-0"]
[WhiteElo "2121"]
[BlackElo "1978"]

1.d4 Nf6 2.c4 e6 3.Nc3 Bb4 4.f3 d5 5.a3 Bxc3+ 6.bxc3 c5 7.cxd5 Nxd5 8.dxc5 Qa5
9.e4 Ne7 10.Be3 O-O 11.Qb3 Qc7 12.Bb5 Nec6 13.Ne2 e5 14.O-O Be6 15.Qa4 Na5
16.Nd4 exd4 17.cxd4 Bd7 18.d5 a6 19.Bxd7 Nxd7 20.Rac1 Rac8 21.Bd2 Nc4 22.Qxc4
{#r} 1-0

[Event "Ch Europe"]
[Site "masterchessopen.com Budva (Montenegro)"]
[Date "2009.03.12"]
[Round "7"]
[White "Vujovic Veselin (MNE)"]
[Black "Simeonidis Ioannis (GRE)"]
[Result "0-1"]
[WhiteElo "2028"]
[BlackElo "2266"]

1.d4 Nf6 2.c4 e6 3.Nc3 Bb4 4.f3 d5 5.a3 Bxc3+ 6.bxc3 c5 7.cxd5 Nxd5 8.Qd3 b6
9.e4 Ba6 10.c4 Ne7 11.d5 exd5 12.exd5 O-O 13.h4 Re8 14.Kf2 Nd7 15.f4 Nf6
16.Nf3 Nexd5 17.Ne5 Ne7 18.h5 Bb7 19.h6 Ne4+ 20.Kg1 g6 21.g4 f6 22.Nd7 Nc8
23.Bg2 Ncd6 24.Bxe4 Nxe4 25.Bb2 Re6 26.Re1 Qe7 27.Rh3 Rd6 28.Nxf6+ Rxf6
29.Bxf6 Qxf6 30.Rxe4 Rd8 31.Qe2 Bxe4 {#R} 0-1